| 000 | 006330000a22001810004500 | ||
|---|---|---|---|
| 090 |
_aAR _b00722 |
||
| 245 | 1 | 0 | _aWetland and upland forest ecosystems in Peruvian Amazonia: plant species diversity in the light of some geological and botanical evidence |
| 650 | 1 | 4 |
_aBotánica _9361 |
| 650 | 1 | 4 |
_aDisturbios naturales _993893 |
| 650 | 1 | 4 |
_aDiversidad vegetal _96435 |
| 651 | 4 |
_pAmazonia, Perú _992749 |
|
| 041 | 0 | _aInglés | |
| 700 | 1 |
_aKahn, Francis _993894 |
|
| 700 | 1 |
_aLamotte, Sandrine _993895 |
|
| 100 | 1 |
_aDumont, Jean Francois _993896 |
|
| 942 | _cARTICULO | ||
| 773 | 1 |
_tForest Ecology and Management _3114 _h33-34 _q125-139 _d1990 |
|
| 999 |
_c9813 _d9813 |
||